[Event "Scarborough CC Howard Ridout U1800"]
[Site "Toronto"]
[Date "2011.09.29"]
[Round "3"]
[White "Gillis, Doug"]
[Black "Tismenko, Dennis"]
[Result "1-0"]
[WhiteElo "1594"]
[BlackElo "1407"]
[PlyCount "37"]
[EventDate "2011.09.08"]
[EventType "swiss"]
[EventRounds "6"]
[EventCountry "CAN"]
[SourceTitle "EXT 2022"]
[Source "ChessBase"]
[SourceDate "2021.10.06"]
[SourceVersion "1"]
[SourceVersionDate "2021.10.06"]
[SourceQuality "1"]

1. d4 d5 2. Nc3 Nf6 3. Bg5 e6 4. e4 Be7 5. e5 Nfd7 6. Bxe7 Qxe7 7. f4 0-0 8. Nf3 f6 9. Qd2 a6 10. 0-0-0 fxe5 11. dxe5 c5 12. g3 b5 13. Nxd5 exd5 14. Qxd5+ Qf7 15. Qxa8 Nb6 16. Qxb8 Bb7 17. Rd8 Nd7 18. Rxf8+ Nxf8 19. Bg2 1-0

[Event "CAN-ch U12"]
[Site "Windsor"]
[Date "2010.07.06"]
[Round "1"]
[White "Song, Edward"]
[Black "Tismenko, Dennis"]
[Result "1/2-1/2"]
[WhiteElo "1850"]
[BlackElo "1301"]
[PlyCount "92"]
[EventDate "2010.07.06"]
[EventType "swiss"]
[EventRounds "7"]
[EventCountry "CAN"]
[SourceTitle "EXT 2012"]
[Source "ChessBase"]
[SourceDate "2011.11.24"]
[SourceVersion "1"]
[SourceVersionDate "2011.11.24"]
[SourceQuality "1"]

1. d4 d5 2. c4 e6 3. Nc3 Nf6 4. Nf3 Be7 5. e3 a6 6. cxd5 exd5 7. Bd3 Nbd7 8. 0-0 b6 9. Qc2 Bb7 10. Bd2 c5 11. Rac1 c4 12. Be2 b5 13. a3 Ne4 14. Rfd1 Ndf6 15. Ne5 0-0 16. f3 Nxc3 17. Bxc3 a5 18. Be1 b4 19. axb4 axb4 20. Ra1 Qd6 21. Bh4 b3 22. Qf5 Qe6 23. Qxe6 fxe6 24. Bxf6 gxf6 25. Ng4 f5 26. Ne5 Ra2 27. Rxa2 bxa2 28. Ra1 Ra8 29. e4 Bb4 30. Nxc4 dxc4 31. Bxc4 Kf8 32. Bxe6 fxe4 33. fxe4 Bxe4 34. Rxa2 Rxa2 35. Bxa2 Bd2 36. Kf2 Bc1 37. b4 Bb2 38. d5 Bd4+ 39. Kg3 Bd3 40. Kf4 Bc3 41. h4 Bxb4 42. g4 Be7 43. h5 h6 44. Ke5 Be2 45. d6 Bxd6+ 46. Kxd6 Bxg4 1/2-1/2